| 000 | 00533nam a2200193Ia 4500 | ||
|---|---|---|---|
| 003 | IN-BaIIA | ||
| 008 | 211028s9999 xx 000 0 eng d | ||
| 020 | _a81-224-0308-5 | ||
| 040 | _cIIA Library | ||
| 080 |
_a517.2 _bBAL |
||
| 100 |
_aBalachandra Rao, S _918001 |
||
| 245 | 0 |
_aDifferential calculus _cS. Balachandra Rao and C. K. Shantha |
|
| 260 |
_aNew Delhi _bNew Age International _c2001 |
||
| 300 | _aiii, 501p. | ||
| 650 |
_aCalculus _91611 |
||
| 650 |
_aMathematics _982 |
||
| 700 |
_aShantha, C. K _918002 |
||
| 942 | _cBK | ||
| 999 |
_c18361 _d18361 |
||